| 000 | 00804nam a2200241 u 4500 | ||
|---|---|---|---|
| 001 | 71603 | ||
| 005 | 20260506072037.0 | ||
| 008 | 960313s1992 spa | ||
| 020 | _a9789802226498 | ||
| 035 | _a71603 | ||
| 035 | _a(OCoLC)778201239 | ||
| 040 | _ccomduadb | ||
| 041 | _aspa | ||
| 082 | 4 | _a980 | |
| 100 | 1 | 0 |
_aBriceño Perozo, Mario _4aut _eaut _9242589 |
| 245 | 1 | 0 | _aReminiscencias griegas y latinas en las obras del Libertador |
| 260 |
_aVenezuela : _bAcademia Nacional de la Historia de Venezuela, _c1992. |
||
| 300 | _a195 páginas | ||
| 490 | 0 |
_aBiblioteca de la Academia Nacional de la Historia. Colección Centenario ; _v6 |
|
| 600 | 1 | 4 |
_aBolívar, Simón, _d1783-1830 _xPensamiento político _9854143 |
| 650 |
_aBolívar, Simón, 1783-1830 - Obras _92011 |
||
| 942 | _cBOOK | ||
| 999 |
_c59611 _d59611 |
||